000 01301cam a2200349 a 4500
999 _c470
_d470
001 12726512
003 OSt
005 20210614115302.0
008 020123s1996 ke b 100 0 eng
010 _a 2001312785
020 _a996690087X
035 _a(DLC) 2001312785
040 _aDLC
_cDLC
_dDLC
042 _alcode
043 _afs-----
050 0 0 _aHB74.9
_b.A357 1996
082 0 0 _a338.967
_221
111 2 _aAERC Senior Policy Seminar
_n(1st :
_d1995 :
_cNairobi, Kenya)
245 1 0 _aForging links :
_beconomic research and policy making in sub-Saharan Africa : papers presented at the 1995 Senior Policy Seminar /
_cedited by Matthew Martin and Gillian Ngola.
260 _aNairobi, Kenya :
_bAfrican Economic Research Consortium,
_cc1996.
300 _a104 p. ;
_c25 cm.
500 _a"Proceedings"--Cover.
504 _aIncludes bibliographical references.
651 0 _aAfrica, Sub-Saharan
_xEconomic conditions
_vCongresses.
651 0 _aAfrica, Sub-Saharan
_xEconomic policy
_vCongresses.
700 1 _aMartin, Matthew,
_d1962-
700 1 _aNgola, Gillian.
710 2 _aAfrican Economic Research Consortium.
906 _a7
_bcbc
_corigode
_d3
_encip
_f20
_gy-gencatlg
942 _2lcc
_cBK
_nSO